[Event "Campo Grande Clube Capablanca 31 Anos"]
[Site "Campo Grande"]
[Date "2016.07.10"]
[Round "5.5"]
[White "De Souza, Cezar Augusto Barbo"]
[Black "Jabour, Rodrigo Vila"]
[Result "1-0"]
[WhiteElo "1458"]
[BlackElo "1719"]
[PlyCount "95"]
[EventDate "2016.07.08"]
[EventType "swiss"]
[EventRounds "5"]
[EventCountry "BRA"]
[SourceTitle "EXT 2022"]
[Source "ChessBase"]
[SourceDate "2021.10.06"]
[SourceVersion "1"]
[SourceVersionDate "2021.10.06"]
[SourceQuality "1"]

1. e4 Nc6 2. Nf3 e5 3. Bb5 Nge7 4. 0-0 a6 5. Ba4 b5 6. Bb3 d5 7. d3 Bg4 8. c3 h6 9. Nbd2 Qd7 10. Re1 Na5 11. Bc2 c5 12. exd5 Qxd5 13. Rxe5 Qxe5 14. Nxe5 Bxd1 15. Bxd1 Nac6 16. Bf3 Rc8 17. Ng4 Ng6 18. Nb3 c4 19. Bxc6+ Rxc6 20. dxc4 Rxc4 21. Nd4 Be7 22. Ne3 Rc8 23. a4 b4 24. Bd2 a5 25. cxb4 axb4 26. a5 0-0 27. Ndc2 b3 28. Nd4 Ra8 29. Bc3 Rfb8 30. a6 Bc5 31. Nd5 Ne7 32. Nc7 Ra7 33. Ndb5 Nd5 34. Nxa7 Nxc7 35. Nc6 Ra8 36. Na5 Rxa6 37. Nxb3 Rxa1+ 38. Nxa1 Nd5 39. Kf1 Nxc3 40. bxc3 f5 41. Nb3 Bb6 42. Ke2 Kf7 43. Nd4 g6 44. f3 Kf6 45. Kd3 Bc7 46. h3 f4 47. Ke4 Kg5 48. Ne6+ 1-0

[Event "Campo Grande Clube Capablanca 31 Anos"]
[Site "Campo Grande"]
[Date "2016.07.09"]
[Round "3.7"]
[White "De Souza, Cezar Augusto Barbo"]
[Black "Lemos, Camila De Oliveira"]
[Result "1/2-1/2"]
[WhiteElo "1458"]
[BlackElo "1689"]
[PlyCount "46"]
[EventDate "2016.07.08"]
[EventType "swiss"]
[EventRounds "5"]
[EventCountry "BRA"]
[SourceTitle "EXT 2022"]
[Source "ChessBase"]
[SourceDate "2021.10.06"]
[SourceVersion "1"]
[SourceVersionDate "2021.10.06"]
[SourceQuality "1"]

1. e4 e5 2. Nf3 Nc6 3. Bb5 Nf6 4. 0-0 a6 5. Ba4 b5 6. Bb3 Bc5 7. c3 0-0 8. Re1 d6 9. d3 Na5 10. Bc2 Bb6 11. Nbd2 Ng4 12. Rf1 f5 13. h3 fxe4 14. Nxe4 Nf6 15. Ng3 Nd5 16. Re1 Nf4 17. Be3 Bb7 18. Bxb6 cxb6 19. Ne4 Bxe4 20. Rxe4 Qf6 21. Re3 Qg6 22. Ne1 Qf5 23. Qf3 Nc6 1/2-1/2

[Event "Campo Grande Brasil op"]
[Site "Campo Grande"]
[Date "2015.10.09"]
[Round "1"]
[White "De Souza, Cezar Augusto Barbo"]
[Black "Lopes, Marcelo Ferreira"]
[Result "0-1"]
[WhiteElo "1488"]
[BlackElo "1995"]
[PlyCount "34"]
[EventDate "2015.10.09"]
[EventType "swiss"]
[EventRounds "7"]
[EventCountry "BRA"]
[SourceTitle "CBM 168 Extra"]
[Source "ChessBase"]
[SourceDate "2015.10.29"]
[SourceVersion "1"]
[SourceVersionDate "2015.10.29"]
[SourceQuality "1"]

1. e4 e6 2. d4 d5 3. exd5 exd5 4. Nc3 c6 5. Nf3 Bd6 6. g3 Ne7 7. Bg2 0-0 8. 0-0 Nd7 9. Ne2 Ng6 10. Be3 Nf6 11. Nd2 Re8 12. c4 Be6 13. c5 Bc7 14. b4 Qd7 15. f3 Bh3 16. g4 Bxg2 17. Kxg2 Rxe3 0-1

[Event "Campo Grande Circuito Estadual"]
[Site "Campo Grande"]
[Date "2015.09.12"]
[Round "2.5"]
[White "De Moura, Fernando Alves"]
[Black "De Souza, Cezar Augusto Barbo"]
[Result "1-0"]
[WhiteElo "1797"]
[BlackElo "1800"]
[PlyCount "101"]
[EventDate "2015.09.12"]
[EventType "swiss"]
[EventRounds "5"]
[EventCountry "BRA"]
[SourceTitle "EXT 2022"]
[Source "ChessBase"]
[SourceDate "2021.10.06"]
[SourceVersion "1"]
[SourceVersionDate "2021.10.06"]
[SourceQuality "1"]

1. d4 d5 2. c4 e6 3. Nc3 Bb4 4. Bf4 Bxc3+ 5. bxc3 c6 6. e3 Nf6 7. Bd3 0-0 8. Qc2 h6 9. Ne2 Nbd7 10. 0-0 b6 11. f3 Bb7 12. e4 dxe4 13. fxe4 g6 14. Bxh6 Re8 15. Bg5 e5 16. Rf3 Rc8 17. Raf1 Re6 18. dxe5 Nxe5 19. Rxf6 Rxf6 20. Bxf6 Qxd3 21. Qxd3 Nxd3 22. Rd1 Nb2 23. Rd7 Ba6 24. Rxa7 Bxc4 25. Ng3 b5 26. e5 Na4 27. Ne4 Rb8 28. a3 Bd5 29. Nd6 Nxc3 30. e6 Bxe6 31. Bxc3 Rd8 32. Bb4 Kg7 33. Rc7 Bd5 34. Bc3+ Kg8 35. Rc8 Rxc8 36. Nxc8 Kf8 37. Nb6 Ke7 38. Nxd5+ cxd5 39. Kf2 Kd6 40. Ke3 Kc6 41. Kd4 f6 42. g4 g5 43. Bb4 Kd7 44. Kxd5 Kc7 45. Be7 Kb6 46. Bxf6 Ka5 47. Bxg5 Ka4 48. Bc1 Kb3 49. Kc5 Ka4 50. g5 Ka5 51. g6 1-0

[Event "Campo Grande Circuito Estadual"]
[Site "Campo Grande"]
[Date "2015.09.12"]
[Round "1.4"]
[White "De Souza, Cezar Augusto Barbo"]
[Black "De Sa, Edivaldo Alves"]
[Result "0-1"]
[WhiteElo "1800"]
[BlackElo "1987"]
[PlyCount "134"]
[EventDate "2015.09.12"]
[EventType "swiss"]
[EventRounds "5"]
[EventCountry "BRA"]
[SourceTitle "EXT 2022"]
[Source "ChessBase"]
[SourceDate "2021.10.06"]
[SourceVersion "1"]
[SourceVersionDate "2021.10.06"]
[SourceQuality "1"]

1. e4 e6 2. d3 c5 3. c3 Nc6 4. Nf3 d6 5. d4 Nf6 6. dxc5 Nxe4 7. Bd3 Nxc5 8. 0-0 Nxd3 9. Qxd3 Be7 10. Nbd2 Bd7 11. Ne4 d5 12. Neg5 h6 13. Nh3 Qc7 14. Re1 0-0 15. Bf4 Bd6 16. Bxd6 Qxd6 17. c4 d4 18. Rac1 e5 19. c5 Qd5 20. a3 Bxh3 21. gxh3 a5 22. Qf5 Rae8 23. b4 Re6 24. b5 Ne7 25. Qe4 Qxe4 26. Rxe4 f6 27. Nxd4 Kf7 28. Nxe6 Kxe6 29. f4 Kf5 30. Rce1 Ng6 31. fxe5 Nxe5 32. Ra4 Nf3+ 33. Kf2 Nxe1 34. Kxe1 Rc8 35. Rc4 Ke5 36. c6 bxc6 37. Rxc6 Rxc6 38. bxc6 Kd6 39. Kd2 Kxc6 40. Kc3 f5 41. Kd3 Kb5 42. Ke3 g5 43. Kf3 Ka4 44. Kg3 Kxa3 45. h4 Kb3 46. hxg5 hxg5 47. h3 a4 48. h4 gxh4+ 49. Kxh4 a3 50. Kg5 a2 51. Kxf5 a1R 52. Ke4 Rd1 53. Ke3 Kc3 54. Ke2 Rd8 55. Ke3 Re8+ 56. Kf4 Kd4 57. Kf5 Re1 58. Kf4 Rf1+ 59. Kg3 Ke4 60. Kg2 Rf7 61. Kg3 Rf8 62. Kg4 Rg8+ 63. Kh5 Kf5 64. Kh6 Rg2 65. Kh7 Kf6 66. Kh8 Kf7 67. Kh7 Rh2# 0-1

[Event "Campo Grande Sul Mato op"]
[Site "Campo Grande"]
[Date "2015.09.05"]
[Round "1"]
[White "Souza dos Santos, Matheus Garcett"]
[Black "De Souza, Cezar Augusto Barbo"]
[Result "1-0"]
[WhiteElo "1951"]
[BlackElo "1800"]
[PlyCount "53"]
[EventDate "2015.09.05"]
[EventType "swiss"]
[EventRounds "6"]
[EventCountry "BRA"]
[SourceTitle "EXT 2016"]
[Source "ChessBase"]
[SourceDate "2015.10.08"]
[SourceVersion "1"]
[SourceVersionDate "2015.10.08"]
[SourceQuality "1"]

1. Nf3 Nc6 2. d3 d5 3. Nbd2 Nf6 4. e4 e6 5. g3 Be7 6. Bg2 0-0 7. 0-0 b6 8. Re1 Bb7 9. e5 Nd7 10. Nf1 d4 11. h4 h6 12. N1h2 Ncb8 13. Ng4 c5 14. Nxh6+ gxh6 15. Bxh6 Re8 16. Nh2 Nf8 17. Qg4+ Ng6 18. Bxb7 Nd7 19. Bxa8 Qxa8 20. h5 Ndf8 21. Bxf8 Kxf8 22. hxg6 fxg6 23. Qxg6 Rd8 24. Re4 Bh4 25. Rf4+ Bf6 26. Rxf6+ Ke7 27. Qf7# 1-0